000 01105nam a2200289 a 4500
001 BRCA_3422
005 20190320204256.0
041 _aeng
044 _aenk
084 _a711
_b.N45
_c1933
100 1 _aCervantes Saavedra, Miguel de
_d1547-1616
_9213
245 1 0 _aThe Adventures of Don Quixote
_cAbridged and Adapted by Emily Underdown.
260 _aLondres : Edinburgo : Nueva York
_bThomas Nelson and Sons
_c1933
300 _a128 p.
_bil.
_c17 cm.
500 _aContenido : Texto abreviado de la novela
500 _aReimpresión de la edición compendiada por E. Underdown, publicada en 1930, por los mismos editores. Tela Lúdovik Osterc
500 _aQMB2
546 _aTexto en : inglés
650 1 4 _aNovela española
_yÉpoca clásica, 1500-1700
_9215
650 1 4 _aLiteratura española
_yÉpoca clásica, 1500-1700
_9216
650 1 4 _aNovela española
_ySiglo XVII
_9217
650 1 4 _aDon Quijote (Personaje ficticio)
_eNovela
_9218
700 1 _aUnderdown, Emily
_d1892-1936
_eEditora
_98975
740 0 _aEl Ingenioso Hidalgo Don Quijote de la Mancha
902 _aQFM
942 _2lcc
_cB
999 _c3158
_d3158